| 000 | 00673nam a2200241Ia 4500 | ||
|---|---|---|---|
| 001 | dia_4165 | ||
| 003 | CHAP | ||
| 005 | 20221028103210.0 | ||
| 008 | 220117s1978 xx 000 0 und d | ||
| 010 | _a174798 | ||
| 040 | _cCHAP | ||
| 090 | _aFOLLETO 2229 | ||
| 100 |
_aInstituto de capacitación de la industria azucarera _9155652 |
||
| 245 |
_aCentrífugas / _c Instituto de capacitación de la industria azucarera |
||
| 260 |
_aMéxico _c1978 |
||
| 300 | _a22 p. | ||
| 500 | _aS/c | ||
| 650 |
_aCentrífugas _9155711 |
||
| 901 | _aFOLLETO 2229 | ||
| 902 | _aM | ||
| 905 | _a0000001978 mx A 0000000000spa00 | ||
| 942 |
_cFOLL _2local |
||
| 999 |
_c174798 _d174798 |
||